Electronic communication systems
| Main Author: | |
|---|---|
| Other Authors: | |
| Format: | Book |
| Published: |
Illinois :
Glencoe ,
1993
|
| Edition: | 4th ed |
| Subjects: |
MARC
| LEADER | 00000cam a2200000 7i4500 | ||
|---|---|---|---|
| 001 | 0000003271 | ||
| 002 | 000003528 | ||
| 005 | 20000330.0 | ||
| 020 | |a 0028005929 | ||
| 090 | 0 | 0 | |a 621.382 |b KEN |
| 100 | 1 | |a Kennedy, George | |
| 245 | 0 | 0 | |a Electronic communication systems |c George Kennedy and Bernard Davis |
| 250 | |a 4th ed | ||
| 260 | |a Illinois : |b Glencoe , |c 1993 | ||
| 300 | |a 763p. ; |c 24cm. | ||
| 650 | 0 | 0 | |a Telecommunication |
| 700 | 0 | |a Davis, Bernard | |
| 999 | |a 030856 |b BUKU |c PINJAMAN |e PERPUSTAKAAN KOMUNITI PETALING JAYA | ||
| 999 | |a 033944 |b BUKU |c PINJAMAN |e PERPUSTAKAAN KOMUNITI PETALING JAYA | ||